Personnage de Genshin Impact selon leur job - Statistiques

Statistiques générales
  • Ce quiz a été pris 260 fois
    120 depuis la dernière actualisation
  • Le résultat moyen est 15 sur 20
Statistiques - réponses
Indice Personnage % Correct
Général mahamatra Cyno
100%
Robot multifonction Ineffa
100%
Samouraï errant et marin Kaedehara Kazuha
100%
Capitaine de cavalerie Kaeya
100%
Bibliothécaire Lisa
100%
Archon Pyro Mavuika
100%
Astromancienne Mona
100%
Patronne d'une gentille mafia Navia
100%
Assistante alchimiste Sucrose
100%
Brigadier forestier Tighnari
100%
Barde Venti
100%
Directeur de prison Wriothesley
100%
Cheffe de cuisine dans le restaurant de son père Xiangling
100%
Consultant au funérarium Zhongli
100%
Juge Neuvillette
96%
Exécutrice des Fatui et directrice d'orphelinat Arlecchino
95%
Journaliste Charlotte
95%
Archon, actrice, consultante artistique Furina
95%
Éclaireuse Amber
94%
Exécuteur des Fatui et vendeur de jouets (auto-proclamé) Tartaglia
94%
Shogun Shogun Raiden
93%
Vendeuse de feux d'artifice Yoimiya
93%
Directrice d'un funérarium Hu Tao
92%
Rockeuse Xinyan
92%
Psychologue clinicienne et actionnaire majoritaire des bains Aisa Yumemizuki Mizuki
92%
Roboticienne Aino
91%
Danseuse Nilou
91%
Disciple de Souffle-Nuages Shenhe
91%
Alchimiste en chef Albedo
90%
Gardienne forestière en formation Collei
89%
Grande Maîtresse suppléante Jean
89%
Coursière pour une société de livraison Kirara
89%
Capitaine de flotte Beidou
88%
Architecte Kaveh
88%
Guerrière solitaire et maitre de Tartaglia Skirk
88%
Propriétaire d'un domaine viticole Diluc
87%
Religieuse Rosalia
87%
Marchande ambulante Dori
86%
Experte en explosifs Klee
86%
Assistante d'un magicien Lynette
86%
Magicien Lyney
86%
Chef de gang Arataki Itto
83%
Tailleuse et propriétaire d'une boutique de vêtements Chiori
83%
Exorciste Chongyun
82%
Chasseur de saurien Kinich
82%
Barmaid Diona
81%
Médecin Baizhu
80%
Cultivateur de légumes Ororon
80%
Chevalier honoraire, capitaine de l'espadon II, ... Voyageur·se
80%
Cheffe de renom, anciennement cheffe de l'hôtel Debord Escoffier
79%
Enquêtrice et princesse (auto-proclamée) Fischl
79%
Étudiante spécialisée en astrologie théorique Layla
79%
Grande prêtresse et responsable éditoriale de sa maison d'édition Yae Miko
78%
Gardienne de son village Candace
77%
Cheffe adjointe de son gang Kuki Shinobu
77%
Vagabond Nomade
77%
Vétérinaire Ifa
75%
Scribe Alhaitham
73%
Émissaire de chantelune Lauma
73%
Enfant sauvage Razor
73%
Chanteuse d'opéra Yun Jin
73%
Duelliste mandatée Clorinde
71%
Servante Noëlle
71%
Détective Shikanoin Heizou
71%
Infirmière Sigewinne
71%
Parfumeuse Emilie
70%
Employé de maison et négociateur Thomas
70%
Conseillère juridique Yanfei
70%
Divinité de la sagesse Nahida
69%
Général Gorou
68%
Entraineuse sportive Iansan
67%
Vendeuse en pharmacie Qiqi
67%
Yaksha Xiao
67%
Ninja Sayu
64%
Gardien de la lumière Flins
63%
Femme d'affaires et responsable des lois Ningguang
63%
Diacre Dahlia
62%
Plongeur Freminet
62%
Disciple de madame Ping Yaoyao
62%
Chef d'une bande d'aventuriers Bennett
58%
Cheffe des affaires internes et externes de son clan Kamisato Ayaka
58%
Adepte, mentor Xianyun
58%
Mercenaire et meneur d'une troupe de wushou Gaming
56%
Guerrière des enfants des échos Kachina
53%
Mercenaire Dehya
50%
Enseignante-chercheuse Faruzan
50%
Prêtresse divine Sangonomiya Kokomi
50%
Shamane Citlali
46%
Secrétaire générale Ganyu
44%
Guide touristique Mualani
44%
Écrivain Xingqiu
44%
Propriétaire d'un verger Varesa
38%
Espionne Yelan
38%
Forgeronne Xilonen
36%
Générale Kujou Sara
33%
Capitaine d'une unité de reconnaissance Eula
31%
Capitaine de la patrouille de surveillance spéciale Chevreuse
23%
Chef du temple du silence Sethos
23%
Superviseuse de l'immobilier et des travaux d'aménagement terrestre de sa ville Keqing
21%
Diaconesse Barbara
20%
Commissaire Kamisato Ayato
15%
Arpenteur Mika
15%
Médiatrice Chasca
11%
Rotinière Lan Yan
0%
Aucun quiz correspondant
Distribution des résultats
% des personnes avec chaque résultat
Percentile par nombre de réponses
Votre historique - résultats
Vous n’avez pas pris ce quiz depuis la dernière actualisation